Loading...
LEADER 01176nam a22002537a 4500
003 OSt
020 |a 9789351070993 
082 |a 641.338  |b PRA/AG 
100 |a Prabhakaran Nair, K P 
245 |a Agronomy and economy of black pepper and cardamom:  |b the king and queen of spices 
260 |a Gurgaon  |b Reed Elsevier India Private Limited  |c 2014 
300 |a xiv, 366p. 
534 |n 2011 
546 |a English 
650 |a The pepper plant its botany and chemistry 
650 |a Pepper agronomy 
650 |a The role of the nutrient buffer power concept in pepper nutrition 
650 |a Establishing a pepper plantation 
650 |a Pepper pets and their control 
942 |2 ddc  |c BK 
999 |c 157261  |d 157261 
952 |0 0  |1 0  |2 ddc  |4 0  |6 641_338000000000000_PRAAG  |7 0  |8 Gen  |9 156701  |a KAUCLV  |b KAUCLV  |c GENERAL  |d 2017-07-29  |g 2495.00  |o 641.338 PRA/AG  |p 226290  |r 2017-07-29  |y BK 
952 |0 0  |1 0  |2 ddc  |4 0  |6 641_338000000000000_PRAAG  |7 1  |8 REF  |9 157316  |a KAUCLV  |b KAUCLV  |c REF  |d 2017-10-20  |o 641.338 PRA/AG  |p 221568  |r 2017-10-20  |w 2017-10-20  |y REF 
952 |0 0  |1 0  |2 ddc  |4 0  |6 641_338000000000000_PRA_AG  |7 0  |8 Gen  |9 201087  |a KAUCLV  |b KAUCLV  |c GENERAL  |d 2020-05-04  |g 2495.00  |o 641.338 PRA/AG  |p 230247  |r 2020-05-04  |y BK